Countries That Trade The Most Weapons - Statistics

General Stats
  • This quiz has been taken 72 times
  • The average score is 26 of 35
Answer Stats
Type Rank Country Value Percent % Correct
Exporters 1 United States $4.70B 35.1%
98%
Exporters 9 China $324M 2.37%
97%
Exporters 15 Russia $267M 1.96%
97%
Exporters 14 France $279M 2.05%
95%
Exporters 17 United Kingdom $237M 1.74%
95%
Exporters 7 Brazil $428M 3.14%
91%
Exporters 5 Germany $587M 4.31%
91%
Importers 22 India $146M 1.07%
91%
Exporters 3 Italy $678M 4.97%
91%
Importers 6 Australia $355M 2.60%
89%
Exporters 19 Japan $219M 1.60%
89%
Exporters 4 Spain $591M 4.34%
89%
Exporters 2 South Korea $714M 5.23%
86%
Exporters 13 Turkey $301M 2.21%
85%
Exporters 18 Canada $235M 1.72%
83%
Importers 16 Iraq $189M 1.39%
82%
Importers 2 Saudi Arabia $2.01B 14.7%
82%
Exporters 11 Israel $311M 2.28%
80%
Exporters 16 Belgium-Luxembourg $239M 1.75%
77%
Importers 20 Netherlands $156M 1.14%
76%
Importers 3 United Arab Emirates $776M 5.69%
74%
Importers 11 Indonesia $281M 2.06%
73%
Importers 14 Poland $220M 1.61%
70%
Exporters 10 Switzerland $312M 2.28%
70%
Exporters 8 Austria $407M 2.99%
65%
Importers 12 Oman $281M 2.06%
62%
Importers 5 Qatar $393M 2.88%
62%
Importers 8 Thailand $312M 2.29%
61%
Importers 18 Philippines $182M 1.34%
59%
Exporters 12 Norway $310M 2.27%
58%
Exporters 21 Taiwan $149M 1.10%
58%
Exporters 6 Czech Republic $508M 3.72%
56%
Importers 19 Afghanistan $162M 1.18%
52%
Exporters 20 Bulgaria $152M 1.11%
35%
Exporters 22 Croatia $144M 1.06%
20%
No matching quizzes found
Score Distribution
Percent of People with Each Score
Percentile by Number Answered
Your Score History
You have not taken this quiz